Quizzes
Events
Quiz Creation
Community
Videos
Private Events
Remove Ads
Sign In
Join for FREE
Feedback
Dark Mode
Quiz Categories
Sports
Geography
Music
Movies
Television
Just For Fun
Miscellaneous
History
Literature
Language
Science
Gaming
Entertainment
Religion
Holiday
For Kids
Quiz Lab
Recent
Popular Today
Quiz Kudos Today
Editor Picks
Curator Picks
Quizzes by...
Day
Popularity
Type
Ratings
Length
Year
Community
Subscriptions
Recent Discussions
Orange Saloon
Badges
Playlists
Quests
Create
Leaderboards
Showdown
Live 5
Trivia Bingo
Activity
Puzzle Library
Sporcle Events
Private Events
Virtual Trivia
Globe League
Become a Host
Pub Owners
SporcleCon
Opinionation
Our Games
Videos
Blog
Mobile Apps
Partnerships
Remove Ads and Go Orange
Feedback
Movies
Disney
Marvel Cinematic Universe
Movie Resume
Movie Titles
Oscar
Actor
Actress
Director
Pixar
Role
Movie Quotes
Movie Characters
Box Office
Nominee
Best Picture
Star Wars
James Bond
Horror Movies
Movies
Disney
Marvel Cinematic Universe
Movie Resume
Movie Titles
Oscar
Actor
Actress
Director
Pixar
Role
Movie Quotes
Movie Characters
Box Office
Nominee
Best Picture
Star Wars
James Bond
Horror Movies
Random Quiz
Search Sporcle
×
Quiz Lab
Quiz Lab
Movies
Movie Stars
Type in answers that appear in a list
Type in answers that appear in a list
Classic
Best Score? Go Orange.
Oscar Winners/Nominees in Martin Scorsese films Stats
Can you pick the actors/actresses who have either won or been nominated for Oscars for starring in Martin Scorsese films?
By
Filmguy619
8m
19 Questions
245 Plays
245 Plays
245 Plays
Comments
Comments
Give Quiz Kudos
Give Quiz Kudos
-
- Ratings
hide this ad
Random Order
Randomize order of answers
Randomize order of answers
Replay
Link that replays current quiz
Next Quiz
Link to next quiz in quiz playlist
You Got
0%
They Got
Avg Score
68%
Avg Friend Score
Upgrade to see
Score Distribution
Jump to the score distribution portion of the page
Score
0/19
Timer
08:00
0
Plays Today
Nominated Performances
Actors/Actresses
% Correct
Best Supporting Actor (The Irishman, 2019)
Al Pacino
100%
Best Supporting Actor (The Wolf of Wall Street, 2013)
Jonah Hill
100%
Best Actor (The Aviator, 2004), (The Wolf of Wall Street, 2013)
Leonardo DiCaprio
97.1%
Best Supporting Actor (Raging Bull, 1980), (Goodfellas, 1990 *Win), (The Irishman, 2019)
Joe Pesci
96.7%
Best Actor (Taxi Driver, 1976), (Raging Bull, 1980* Win), (Cape Fear, 1991)
Robert De Niro
93.9%
Best Actor (Gangs of New York, 2002)
Daniel Day-Lewis
93.9%
Best Supporting Actress (The Aviator, 2004 *Win)
Cate Blanchett
92.7%
Best Actress (Casino, 1995)
Sharon Stone
91%
Best Supporting Actor (The Departed, 2006)
Mark Wahlberg
89.4%
Best Supporting Actress (Taxi Driver, 1976)
Jodie Foster
89.4%
Nominated Performances
Actors/Actresses
% Correct
Best Actor (The Color of Money, 1986* Win)
Paul Newman
89.4%
Best Supporting Actress (Cape Fear, 1991)
Juliette Lewis
78.4%
Best Actress (Alice Doesn't Live Here Anymore, 1974*Win)
Ellen Burstyn
67.8%
Best Supporting Actress (Goodfellas, 1990)
Lorraine Bracco
66.1%
Best Supporting Actress (The Age of Innocence, 1993)
Winona Ryder
64.1%
Best Supporting Actor (The Aviator, 2004)
Alan Alda
62%
Best Supporting Actress (Raging Bull, 1980)
Cathy Moriarty
49%
Best Supporting Actress (The Color of Money, 1986)
Mary Elizabeth Mastrantonio
35.1%
Best Supporting Actress (Aiice Doesn't Live Here Anymore, 1974)
Diane Ladd
33.5%
Quiz Playlist
Details
Report
Send in Message
Add To Playlist
Classic:
Type in answers that appear in a list
Random Order:
Randomize order of answers
Last Updated: Mar 28, 2021
Quiz Scoreboard
CHALLENGE
Sign Up to Join the Scoreboard
Show All
Scores
Hide
Comments
May contain spoilers
Recently Published
Presidents Visiting Landmarks
by Hejman
History
7m
An Introduction to Baseball
by treessimontrees
Sports
5m
Movies - When Are They Set?
by FPL_Elf
Movies
5m
More to Explore
Quiz From the Vault
Featured Blog Post
Where Did the Easter Bunny Come From?
hide this ad
You Might Also Like...
Tags
Awards Winners
Movie Stars
Today's Top Quizzes in Movies
Browse Movies
hide this ad
Today's Top Quizzes in Movie Stars
Browse Movie Stars
Top Contributed Quizzes in Movies
1
Pick 5 Posters: Directed by Spielberg
2
7-to-1: Pixar Characters
3
Pick 5 Posters: Lowest-Rated Spielberg
4
Pick 5 Posters: Directed by Scorsese
5
Pick 5 Posters: Star & Director
6
Sorting Actors
7
Sorting Actresses
8
12 Movies about Fictional 1960s Events
9
Multi-Oscar Nominations, One Movie, One Winner
10
Pick 5 Posters: Women Directed 2020s
Explore More
Trending Topics
Crossword
Marvel
Kpop
Anime
Disney
Harry Potter
NBA
NFL
WWE
The Office
Soccer
Song
Puzzle
Pokémon
Country
hide this ad
More By:
Filmguy619
Quiz
Plays
Rating
Category
Featured
Created
Movie Title Synonyms
839
3.33
Movies
Feb 1, 2014
Premiere's 100 Greatest Performances Of All Time
799
3.00
Movies
Feb 13, 2014
Actors on list of AFI Top 100 Heroes and Villains
588
4.50
Movies
Jan 15, 2014
Oscar-Nominated Actors in X-Men series
298
2.13
Movies
Feb 1, 2014
Oscar nominated actors in Steven Spielberg movies
246
4.00
Movies
Jan 25, 2014
Go to Creator's Profile
Score Distribution
Quiz Creator Spotlight
Filmguy619
Follow
Send a Message
Quizzes Created
-
Created Quiz Play Count
-
More By This Creator
Popular Quizzes Today
1
Find the US States - No Outlines Minefield
2
Find the Countries of Europe - No Outlines Minefield
3
The Countries of the World
4
Find the US States
5
Popular People in 1961
6
US States
7
Risky Map Clicking: Biggest States A-Z
8
1-10 Letter E Words III
More Movies Quizzes
Movie Title Mashup Game
Editor's Pick
Trending Quizzes
Risky Map Clicking: Least Populous States A-Z
1-10 Letter G Words
1-10 Letter F Words
One Thing in Common: United Kingdom
Risky Map Clicking: Next State Alphabetically
Recently Updated
Leaping Animals
pecheneg
Reality TV Shows (A-Z)
bhenderson79
Rickey Henderson's Hall of Fame Teammates
pecheneg
Champions League XIs: Arsenal
pecheneg
Quick Pick: Celebrities in WWE's Hall of Fame
aduchscher
A-Z Keypad Blitz II
pecheneg
Multiple Oscar Actors
pecheneg
Mystery Phrase Blitz: Oscar 'Best Actors'
pecheneg
F. Scott Fitzgerald Novels
LTH
Pick 3 Villains
ddd62291
Trending Topics
Harry Potter
Disney
Anime
Crossword
Marvel
Kpop
NBA
Song
Pokémon
Country
WWE
The Office
Puzzle
NFL
Soccer
Your Account Isn't Verified!
In order to create a playlist on Sporcle, you need to verify the email address you used during registration. Go to your
Sporcle Settings
to finish the process.
Report this User
Report this user for behavior that violates our
Community Guidelines
.
Details:
Send Report
Go to the Sporcle.com Mobile Site →
Comments